| 000 | 00500nam a2200169Ia 4500 | ||
|---|---|---|---|
| 999 |
_c27509 _d27509 |
||
| 003 | OSt | ||
| 005 | 20210111130825.0 | ||
| 008 | 190216s9999||||xx |||||||||||||| ||und|| | ||
| 040 | _coclc | ||
| 082 |
_a894.8122 _bNAR/A |
||
| 100 |
_aNarayanapanikker, Kavalam _97138 |
||
| 245 | 0 |
_aAvanavan Kadamba / _cKavalam Narayanapanikker |
|
| 260 |
_bPoorna Publication, _aKozhikode: _c1978. |
||
| 300 | _a114p | ||
| 650 | _aNadakam | ||
| 942 |
_cBK _2ddc _h894.8122 _iNAR/A _k894.8122 _mNAR/A |
||